Chemical bonding in solids

Contents: Molecules; from moleccules to soilds; the electronic structure of soilds; metals and insulators.

Bewaard in:
Bibliografische gegevens
Hoofdauteur: Burdett, Jeremy K.
Formaat: Boek
Taal:Undetermined
Gepubliceerd in: New York Oxford University Press 1995
Onderwerpen:
Tags: Voeg label toe
Geen labels, Wees de eerste die dit record labelt!
Thư viện lưu trữ: Trung tâm Học liệu Trường Đại học Cần Thơ
LEADER 00616nam a2200193Ia 4500
001 CTU_148690
008 210402s9999 xx 000 0 und d
082 |a 541.224 
082 |b B951 
100 |a Burdett, Jeremy K. 
245 0 |a Chemical bonding in solids 
245 0 |c Jeremy K. Burdett 
260 |a New York 
260 |b Oxford University Press 
260 |c 1995 
520 |a Contents: Molecules; from moleccules to soilds; the electronic structure of soilds; metals and insulators. 
650 |a Soild state chemistry 
904 |i Tuyến 
980 |a Trung tâm Học liệu Trường Đại học Cần Thơ